Fire safety in commercial premises (Record no. 84516)
[ view plain ]
| 000 -LEADER | |
|---|---|
| fixed length control field | 00934cab a22002055a 4500 |
| 001 - CONTROL NUMBER | |
| control field | L158094 |
| 008 - FIXED-LENGTH DATA ELEMENTS--GENERAL INFORMATION | |
| fixed length control field | 140513e2014 xxk 000 0 eng d |
| 035 ## - SYSTEM CONTROL NUMBER | |
| System control number | (Sirsi) u158094 |
| 041 0# - LANGUAGE CODE | |
| Language code of text/sound track or separate title | eng |
| 100 1# - MAIN ENTRY--PERSONAL NAME | |
| Personal name | Lundy, Anna |
| 245 00 - TITLE STATEMENT | |
| Title | Fire safety in commercial premises |
| 260 ## - PUBLICATION, DISTRIBUTION, ETC. | |
| Date of publication, distribution, etc. | 2014 |
| 490 ## - SERIES STATEMENT | |
| Series statement | Journal of Building Survey, Appraisal & Valuation |
| Volume/sequential designation | 2(4) Winter 2013-14, 327-331(5) |
| 590 ## - LOCAL NOTE (RLIN) | |
| Local note | Looks at the management of fire safety in commercial premises in accordance with the Regulatory Reform (Fire Safety) Order 2005. The 2005 Order puts the onus on the deemed responsbile person for health and safety issues within building taking responsibility for fire safety including carrying out risk assessments and creates criminal offences for breaches. |
| 650 24 - SUBJECT ADDED ENTRY--TOPICAL TERM | |
| Topical term or geographic name entry element | REGULATORY REFORM (FIRE SAFETY) ORDER 2005 |
| 651 #4 - SUBJECT ADDED ENTRY--GEOGRAPHIC NAME | |
| Geographic name | England and Wales |
| Chronological subdivision | 1543- |
| 700 1# - ADDED ENTRY--PERSONAL NAME | |
| Personal name | Young, David |
| 700 1# - ADDED ENTRY--PERSONAL NAME | |
| Personal name | Coombes, Amy |
| 942 ## - ADDED ENTRY ELEMENTS (KOHA) | |
| Suppress in OPAC | 0 |
| Source of classification or shelving scheme | Dewey Decimal Classification |
| Withdrawn status | Lost status | Source of classification or shelving scheme | Damaged status | Not for loan | Home library | Current library | Shelving location | Date acquired | Total Checkouts | Full call number | Barcode | Date last seen | Copy number | Price effective from | Koha item type |
|---|---|---|---|---|---|---|---|---|---|---|---|---|---|---|---|
| Dewey Decimal Classification | London | London | Journal article | 13/05/2014 | 158094 | 158094-1001 | 06/08/2019 | 1 | 06/08/2019 | Journal article |